Dua Ki Haqiqat (Record no. 4988)
[ view plain ]
| 000 -LEADER | |
|---|---|
| fixed length control field | 00616nam a2200241 a 4500 |
| 020 ## - INTERNATIONAL STANDARD BOOK NUMBER | |
| ISBN | |
| 082 00 - DEWEY DECIMAL CLASSIFICATION NUMBER | |
| Classification number | 242 |
| Author Cutter | BUS |
| 100 ## - MAIN ENTRY--AUTHOR NAME | |
| Author name | Bushill, P N |
| 245 ## - TITLE STATEMENT | |
| Title | Dua Ki Haqiqat |
| 260 ## - PUBLICATION, DISTRIBUTION, ETC. (IMPRINT) | |
| Place of publication | Lahore |
| Name of publisher | Baptist Mission |
| Year of publication | 1926 |
| 300 ## - PHYSICAL DESCRIPTION | |
| Number of Pages | 84p |
| 500 ## - GENERAL NOTE | |
| General note | includes index and biblioraphy |
| 505 2# - FORMATTED CONTENTS NOTE | |
| Formatted contents note | reprinted from"the bulletin of the john Rylands Library 1927,V.2,No.1 |
| 650 ## - SUBJECT ADDED ENTRY--TOPICAL TERM | |
| Topical Term | Prayer-Christianity |
| 942 ## - ADDED ENTRY ELEMENTS (KOHA) | |
| Koha item type | Books |
| 700 1# - | |
| -- | Bushill, P N |
| Home library | Current library | Date acquired | Cost, normal purchase price | Full call number | Accession Number | Koha item type |
|---|---|---|---|---|---|---|
| Henry Martyn Institute Library | Henry Martyn Institute Library | 05/23/2008 | 100.00 | 242 BUS | 5077 | Archive Book |
